Consonnes qui se doublent ou pas ? (mort subite) - Statistiques

Statistiques générales
  • Ce quiz a été pris 99 fois
    68 depuis la dernière actualisation
  • Le résultat moyen est 12 sur 14
Answers on the Grid
Answers color-coded by a green-red scale on the quiz's grid according to % correct below.
L
X
M
H
F
C
J
B
K
G
N
W
D
Q
S
Z
P
R
T
 
Statistiques - réponses
Réponse % Correct
C
95%
L
95%
P
95%
F
93%
M
93%
N
93%
R
93%
T
93%
S
92%
D
85%
G
79%
B
77%
Z
59%
K
33%
Aucun quiz correspondant
Distribution des résultats
% des personnes avec chaque résultat
Percentile par nombre de réponses
Votre historique - résultats
Vous n’avez pas pris ce quiz depuis la dernière actualisation